000 01426nam0a2200373 4500
001 RU\NLR\bibl\1490965
005 20260405111305.0
010 _a978-5-17-060127-1
_bАСТ
010 _a978-5-271-24219-9
_bАстрель
_93000
021 _aRU
_b2010-8360
_9547
035 _a(NLR Aleph) 001482532
090 _a1712594
_c1712594
100 _a20100326d2010 |||y0rusy50 ca
101 0 _arus
102 _aRU
105 _ay |||||||||
200 1 _aMultimillionaires-2
_fЛена Ленина
210 _aМосква
_cАстрель
_cАСТ
_d2010 (печ. 2009)
215 _a314, [1] с.
_d17
300 _aЗагл. обл.: Multimillionaires 2 / Лена Ленина
320 _aБиблиогр. в конце кн.
512 1 _6z24790
_aMultimillionaires 2
606 1 _aПредприниматели
_yЗарубежные страны
_91738965
_3RU\NLR\auth\661073983
606 1 _aПредприниматели
_yРоссийская Федерация
_92139748
_3RU\NLR\auth\661289819
686 _aУ5-13
686 _aУ9(2)-13(2Р)
700 1 _4070
_8rus
_7ca
_aЛенина
_bЛ.
_cпсевд.
_f1971-
_gЛена
_3RU\NLR\AUTH\7742288
_925233
790 1 _4070
_8rus
_7ca
_aЛенина
_bЛ.
_cпсевд.
_f1971-
_gЛена
_3RU\NLR\AUTH\7742288
_925233
801 0 _aRU
_bNLR
_c20100326
_gRCR
801 1 _aRU
_bNLR
_c20100326
942 _cBOOK
980 _aNB